Normal view
MARC view
- Goel A P
Entry Personal Name
001 - CONTROL NUMBER
- control field: 5670
003 - CONTROL NUMBER IDENTIFIER
- control field: OSt
005 - DATE AND TIME OF LATEST TRANSACTION
- control field: 20180131122149.0
008 - FIXED-LENGTH DATA ELEMENTS
- fixed length control field: 180131|| aca||aabn | a|a d
040 ## - CATALOGING SOURCE
- Original cataloging agency: OSt
- Transcribing agency: OSt
100 ## - HEADING--PERSONAL NAME
- Personal name: Goel A P
670 ## - SOURCE DATA FOUND
- Source citation: Work cat.: (OSt): Goel A P, Science : Lab manual-X, 2008